Dancer, daughter, traitor, spy / Elizabeth Kiem.
Available copies
- 2 of 2 copies available at LARL/NWRL Consortium.
- 1 of 1 copy available at Lake Agassiz Regional Library. (Show preferred library)
Current holds
0 current holds with 2 total copies.
Show Only Available Copies
| Location | Call Number / Copy Notes | Barcode | Shelving Location | Status | Due Date |
|---|---|---|---|---|---|
| Moorhead Public Library | Y KIE (Text) | 33500011625829 | Main | Available | - |
| Godel Memorial-Warren Library | ya KIE (Text) | 35500005297781 | Main | Available | - |
Record details
- ISBN: 9781616952631 (hbk.)
- ISBN: 1616952636 (hbk.)
- ISBN: 9781616952631 (alk. paper)
- Physical Description: 264 pages ; 22 cm
- Publisher: New York, NY : Soho Teen, 2013
Content descriptions
| Summary, etc.: | After a harrowing defection to the United States ... Read More |
Search for related items by subject
| Genre: | Historical fiction. Young adult fiction. |
| LDR | 02394cam a2200553 i 4500 | ||
|---|---|---|---|
| 001 | 157010 | ||
| 003 | LARL_NWRL_CONSORTIUM | ||
| 005 | 20130924114757.0 | ||
| 008 | 130314s2013 nyu d 000 1 eng | ||
| 010 | . | ‡a2013006502 | |
| 016 | 7 | . | ‡a016329168 ‡2Uk |
| 020 | . | ‡a9781616952631 (hbk.) | |
| 020 | . | ‡a1616952636 (hbk.) | |
| 020 | . | ‡a9781616952631 (alk. paper) | |
| 035 | . | ‡a(OCoLC)830124445 | |
| 040 | . | ‡aDLC ‡erda ‡beng ‡cDLC ‡dIG# ‡dOCLCO ‡dUKMGB ‡dMLY ‡dOCLCO ‡dOI6 ‡dIEP | |
| 043 | . | ‡an-us-ny | |
| 050 | 0 | 0. | ‡aPZ7.K54 ‡bDan 2013 |
| 082 | 0 | 0. | ‡a[Fic] ‡223 |
| 100 | 1 | . | ‡aKiem, Elizabeth, ‡d1970- |
| 245 | 1 | 0. | ‡aDancer, daughter, traitor, spy / ‡cElizabeth Kiem. |
| 260 | . | ‡aNew York, NY : ‡bSoho Teen, ‡c2013 | |
| 260 | . | ‡c©2013 | |
| 300 | . | ‡a264 pages ; ‡c22 cm | |
| 336 | . | ‡atext ‡btxt ‡2rdacontent | |
| 337 | . | ‡aunmediated ‡bn ‡2rdamedia | |
| 338 | . | ‡avolume ‡bnc ‡2rdacarrier | |
| 520 | . | ‡aAfter a harrowing defection to the United States in 1982, Russian teenager Marya and her father settle in Brooklyn, where Marya is drawn into a web of intrigue involving her gift of foresight, her mother's disappearance, and a boy she cannot bring herself to trust. | |
| 650 | 0. | ‡aSpy stories. ‡0(LARL_NWRL_CONSORTIUM)31795 | |
| 650 | 0. | ‡aClairvoyance ‡vJuvenile fiction. | |
| 650 | 0. | ‡aRussian Americans ‡vJuvenile fiction. | |
| 651 | 0. | ‡aSoviet Union ‡xRelations ‡zUnited States ‡vJuvenile fiction. | |
| 651 | 0. | ‡aUnited States ‡xRelations ‡zSoviet Union ‡vJuvenile fiction. | |
| 651 | 0. | ‡aBrooklyn (New York, N.Y.) ‡xHistory ‡y20th century ‡vJuvenile fiction. | |
| 650 | 1. | ‡aSpies ‡vFiction. ‡0(LARL_NWRL_CONSORTIUM)176180 | |
| 650 | 1. | ‡aClairvoyance ‡vFiction. | |
| 650 | 1. | ‡aRussian Americans ‡vFiction. ‡0(LARL_NWRL_CONSORTIUM)167106 | |
| 651 | 1. | ‡aSoviet Union ‡xRelations ‡zUnited States ‡vFiction. | |
| 651 | 1. | ‡aUnited States ‡xRelations ‡zSoviet Union ‡vFiction. | |
| 651 | 1. | ‡aBrooklyn (New York, N.Y.) ‡xHistory ‡y20th century ‡vFiction. | |
| 655 | 0. | ‡aHistorical fiction. | |
| 655 | 0. | ‡aYoung adult fiction. | |
| 948 | . | ‡hNO HOLDINGS IN LAL - 222 OTHER HOLDINGS | |
| 994 | . | ‡aZ0 ‡bLAL | |
| 901 | . | ‡a157010 ‡bOCLC ‡c157010 ‡tbiblio | |

Add to basket
Permalink
Disable Highlighting